[Event "RUS-chT 16th"]
[Site "Dagomys"]
[Date "2009.04.10"]
[Round "7"]
[White "Efimenko, Zahar"]
[Black "Savchenko, Boris"]
[Result "1-0"]
[WhiteElo "2682"]
[BlackElo "2655"]
[Annotator "Ftacnik,L"]
[PlyCount "115"]
[EventDate "2009.04.04"]
[EventType "team-tourn"]
[EventRounds "7"]
[EventCountry "RUS"]
[SourceTitle "EXT 2020"]
[Source "ChessBase"]
[SourceDate "2019.10.17"]
[SourceVersion "1"]
[SourceVersionDate "2019.10.17"]
[SourceQuality "1"]
[WhiteTeam "Sankt Petersburg Chess Federation"]
[BlackTeam "Moscow ShSM-64"]
[WhiteTeamCountry "RUS"]
[BlackTeamCountry "RUS"]

1. e4 e5 2. Nf3 Nf6 3. Nxe5 d6 4. Nf3 Nxe4 5. d4 d5 6. Bd3 Nc6 7. O-O Be7 8.
Nc3 Nxc3 9. bxc3 {This line is gaining a serious following in the fight for
the advantage against the Russian Defence. White stabilises the centre, but
keeps the option of c3-c4 advance for later. Pressure along the semi-open
b-file and a gradual build up along the e-file are not easy to parry for Black.
} O-O 10. h3 Be6 11. Re1 Qd7 12. Rb1 Rab8 13. Bf4 Bd6 {The defender has been
encountering difficulties in efficient play with his pieces. It seem more than
natural to exchange the dark-squared bishops.} (13... a6 14. a4 Rfe8 15. Qd2
Bd6 16. Bg3 h6 17. Re3 Bxg3 18. fxg3 Qd6 19. g4 Bd7 20. Rxe8+ Bxe8 21. g5 h5
22. Nh4 g6 23. Rf1 Bd7 24. Rf6 Qg3 25. Nxg6 fxg6 26. Rxg6+ Kf7 27. Qe2 {
1-0 Najer,E (2606)-Nielsen,P (2628)/playchess.com INT 2004 (30)}) (13... Bf6
14. Re3 Rfe8 15. Qe2 g6 16. Re1 Qd8 17. h4 Rc8 18. Ng5 Bd7 19. Qf3 Rxe3 20.
Rxe3 Be8 21. Qg3 Bd7 22. h5 Ne7 23. hxg6 fxg6 24. Qh4 h5 25. Bxg6 Nxg6 26. Qxh5
Nf8 27. Qf7+ Kh8 28. Re8 Qxe8 29. Qxf6+ Kg8 30. Be5 {1-0 Laurent,B (2365)
-Batagel,L (2017)/Metz 2006}) 14. Qd2 (14. Bxd6 cxd6 15. Re3 Bf5 16. Nh4 Bxd3
17. cxd3 Rfe8 18. Rxe8+ Rxe8 19. Qb3 g5 20. Nf3 Qf5 21. Re1 Rxe1+ 22. Nxe1 Nd8
23. Qa3 $16 {1/2-1/2 Areshchenko,A (2638)-Landa,K (2678)/Germany 2008 (59)})
14... f6 15. Bxd6 Qxd6 {In the event of recapturing with the c-pawn Black will
have to endure a problem with his structure for quite some time.} (15... cxd6
16. Re3 $14) 16. Nh4 Na5 $2 {Savchenko strives to limit White's options by
controlling the c4-square with the knight. The idea itself is commendable, but
its timing is ver unfortunate.} (16... g6 17. Qh6 Rf7 (17... Bf7 $2 18. Nxg6
hxg6 19. Bxg6 Bxg6 20. Qxg6+ Kh8 21. Qh6+ Kg8 22. Re3 Ne7 23. Rbe1 $18) 18. Re3
Ne7 19. Rbe1 Bd7 20. Rg3 $14) (16... Rfe8 $5 17. Re3 Re7 18. Rg3 g5 $11) 17.
Qe2 $1 Bd7 (17... Rfe8 18. Qh5 h6 19. Qg6 $18) 18. Qh5 f5 {As a direct
consequence, Black is forced to give up the pawn in order to limit the damage
on the kingside.} (18... g6 19. Bxg6 hxg6 20. Nxg6 Be6 21. Qh8+ Kf7 22. Qh7+
Ke8 23. Nf4 $18) (18... h6 19. Nf5 Bxf5 20. Qxf5 Rfe8 21. Qh7+ Kf8 22. Bg6 $18)
19. Bxf5 (19. Nxf5 $2 Bxf5 20. Bxf5 g6 21. Be6+ Qxe6 22. Rxe6 gxh5 $17) 19...
Bxf5 (19... g6 20. Bxg6 $1 hxg6 21. Nxg6 Qf6 22. Re7 Rf7 23. Rxf7 Kxf7 24. Ne5+
Ke6 25. Re1 Kd6 26. Nxd7 Kxd7 27. Qxd5+ Qd6 28. Qf5+ Kc6 29. Re6 $18) 20. Nxf5
Qf6 {Black is looking for the best line with at least some chances to survive
the difficult position.} (20... g6 21. Nh6+ Kg7 22. Qg5 Nc6 23. Rb5 $16) 21.
Ne7+ (21. Nh6+ gxh6 22. Qxd5+ Rf7 23. Qxa5 Qxf2+ 24. Kh1 Rbf8 25. Qxa7 Qxc2 26.
Qxb7 $16) 21... Kh8 22. f4 $1 {Efimenko is not lured into positions where the
black pieces can play actively; his ambition is to squeeze the opponent into
passivity.} (22. Nxd5 Qxf2+ 23. Kh1 Qxc2 24. Nxc7 $16) 22... c6 23. f5 Qf7 24.
Qxf7 (24. Qh4 Qf6 $5 25. Qg3 Rbe8 26. Re6 Qf7 27. Rbe1 $18) 24... Rxf7 25. Re6
Rd8 {Black is hoping to build his defence around the temporary immobility of
the white Trojan horse on the e7-square.} (25... Rf6 26. c4 $5 Rxe6 (26... dxc4
27. Re5 b5 28. Re3 Nb7 29. g4 $16) 27. fxe6 Re8 28. cxd5 $1 cxd5 (28... Rxe7
29. d6 Rxe6 30. d7 Rd6 31. Re1 $18) 29. Rf1 Nc6 (29... g6 30. Rf7 Nc6 31. Nxd5
Rxe6 32. c3 $16) 30. Nxd5 Kg8 31. Re1 Nxd4 32. Nc7 Re7 33. c3 $16) 26. g4 Rff8
(26... Rf6 27. Re5 Rfd6 28. h4 $16) 27. Rb4 a6 {Black is defending against the
threat of Ra4; his knight is not so strong after all.} (27... Rd7 28. Ra4 b6 (
28... Nc4 29. Rxa7 $18) 29. Nxc6 Nxc6 30. Rxc6 $18) 28. Rb1 Rd7 29. Kf2 Nc4 30.
Rbe1 Nd6 (30... Na3 31. Kg3 Nxc2 32. R1e2 Na3 33. g5 Nc4 34. Kg4 (34. Re1 Rd6
35. R6e2 $16) 34... Rd6 35. h4 Rxe6 36. Rxe6 $16) 31. Kg2 Ne4 $6 {Savchenko is
under the impression that passive defence will not enable him to survive. The
knight move into the centre only provokes the immediate tactical solution.} (
31... Nb5 32. R1e3 Na3 33. g5 Nxc2 34. R3e5 Na3 35. Kg3 Nc4 36. Re1 $16) 32. c4
$1 Ng5 33. R6e3 {Efimenko backs down from direct confrontation and misses the
chance to win with a charming combination.} (33. cxd5 $1 Nxe6 34. fxe6 Rxe7 (
34... Rd6 35. Nf5 Rxd5 36. c4 Ra5 37. e7 $18) 35. d6 Ree8 36. e7 Rg8 37. c4 b5
38. c5 b4 39. d7 a5 40. d5 cxd5 41. c6 $18) 33... dxc4 34. c3 Nf7 35. h4 Nd6 (
35... Nh6 36. Kg3 Ng8 37. a4 $16) 36. h5 Rdd8 37. a4 {[%mdl 32] The whole
concept of White's play lies in limiting his opponent's possibilities.} Rf7 38.
Re6 Rff8 (38... Rf6 39. d5 cxd5 40. Nxd5 Rxe6 41. fxe6 $18) 39. Kg3 Ne8 40. g5
Nc7 41. R6e5 Rd6 42. g6 {Black king is definitely constrained in the corner,
any attack against it will be decisive.} (42. a5 Nb5 43. R1e3 Nc7 44. Kg4 $16)
42... h6 (42... Rd7 43. a5 Nb5 44. R1e3 Nc7 45. Kh4 Nb5 46. f6 Rxf6 47. Nxc6
hxg6 48. Re8+ Kh7 49. Ne5 $18) 43. Rb1 b5 44. a5 Rdf6 (44... Nd5 45. Nxd5 Rxd5
46. Rbe1 Kg8 47. Kf4 $18) 45. Rbe1 Rd6 46. Rc5 {The c6-pawn can not be
protected; the game is over.} b4 (46... Re8 47. Ree5 $18) (46... Rff6 47. d5 $1
Nxd5 48. Nxd5 Rxd5 49. Re8+ $18) (46... Nd5 47. Nxd5 cxd5 48. Re7 $18) 47. Nxc6
(47. Rxc4 bxc3 48. Rxc3 Nd5 49. Nxd5 Rxd5 50. Re5 $18) 47... Nd5 (47... Nb5 48.
Nxb4 Nxc3 49. Rxc4 Nb5 50. d5 $18) 48. cxb4 c3 (48... Nf6 49. Rxc4 Nxh5+ 50.
Kh4 Nf6 51. Re6 $18) 49. Re6 (49. b5 axb5 50. a6 b4 51. a7 b3 52. Nb8 Nb6 53.
Rxc3 $18) 49... Rd7 (49... Rxe6 50. fxe6 Nf6 51. e7 Ne4+ 52. Kh4 Re8 53. Rc4
$18) 50. Re5 Nf6 51. Kh4 {Any decent idea wins, but Efimenko is trying to keep
all his advantages.} Rc8 52. Rxc3 Rxd4+ (52... Rdc7 53. d5 $18) 53. Nxd4 Rxc3
54. Rc5 Re3 (54... Rxc5 55. bxc5 Nd5 56. c6 Nc7 57. Ne6 $18) 55. Ne6 Re4+ 56.
Kh3 Ng8 57. b5 axb5 58. Rc8 {Black's king will be mated; White's strategy has
been fully vindicated.} (58. Rc8 b4 59. Nd8 $18) 1-0

[Event "Dortmund SuperGM"]
[Site "Dortmund"]
[Date "2001.07.12"]
[Round "1"]
[White "Leko, Peter"]
[Black "Adams, Michael"]
[Result "1-0"]
[WhiteElo "2730"]
[BlackElo "2744"]
[Annotator "Ftacnik,L"]
[PlyCount "97"]
[EventDate "2001.07.12"]
[EventType "tourn"]
[EventRounds "10"]
[EventCountry "GER"]
[EventCategory "21"]
[SourceTitle "CBM 085"]
[Source "ChessBase"]
[SourceDate "2001.11.13"]
[SourceVersion "1"]
[SourceVersionDate "2001.11.13"]
[SourceQuality "1"]

1. e4 {Hecht} e5 2. Nf3 Nf6 3. Nxe5 d6 4. Nf3 Nxe4 5. d4 d5 6. Bd3 Nc6 7. O-O
Be7 8. c4 Nb4 9. Be2 O-O 10. Nc3 Be6 11. Ne5 f6 12. Nf3 Kh8 13. cxd5 {White
tries to define the center immediatelly, as waiting strategy has partly failed
in the games with this line.} (13. Re1 f5 (13... c5 14. Be3 (14. cxd5 Nxc3 (
14... Bxd5 15. Nxd5 Qxd5 16. Be3 Rfd8 17. a3 Nc6 18. dxc5 Qxd1 19. Raxd1 Bxc5 {
1/2-1/2 Fressinet,L-Motylev,A/Bucharest/2001/ (31)}) 15. bxc3 Nxd5 16. c4 Nc3
17. Qd3 cxd4 18. Bf1 Bg8 (18... Bf7 19. Nxd4 Bb4 {0-1 Malakhov,V-Motylev,A/
Elista/2001/ (68)}) 19. Nxd4 Bc5 20. Be3 Na4 21. Rab1 b6 22. Red1 {1-0 Brodsky,
M-Iordachescu,V/Bucharest/2001/ (43)}) 14... f5 15. cxd5 Nxc3 16. bxc3 Nxd5 17.
Bd2 cxd4 18. Nxd4 Bg8 19. Rb1 Qc7 20. Nb5 Qd7 21. c4 {1/2-1/2 Zvjaginsev,
V-Motylev,A/Linares/2001/ (21)}) 14. a3 Nc6 15. cxd5 Bxd5 16. Bd3 Bf6 17. Be3
Nxc3 18. bxc3 Qd7 19. Ng5 Ne7 20. c4 {1/2-1/2 Svidler,P-Adams,M/New Delhi/2000/
(37)}) (13. a3 Nxc3 14. bxc3 Nc6 15. Nd2 f5 16. Re1 Bf6 17. Nb3 b6 18. Bf3 Bg8
19. cxd5 Bxd5 20. Bf4 {1/2-1/2 Galkin,A-Motylev,A/Dubai/2001/ (26)}) 13... Nxc3
(13... Bxd5 14. a3 Nc6 15. Qc2 $14) 14. bxc3 Nxd5 15. Bd3 c5 (15... Nxc3 $2 16.
Qe1 $18) 16. c4 Nb4 17. d5 Nxd3 18. Qxd3 Bf7 {Adams dared to repeat the line
in the next round and the game with Anand was quickly drawn.} (18... Bd6 $5 19.
Qb3 Bg4 20. h3 Bh5 21. a4 {1/2-1/2 Anand,V-Adams,M/Dortmund/2001/ (21)}) 19.
Bf4 Bd6 (19... b5 $5 $132) 20. Bxd6 Qxd6 21. Nh4 b5 $1 (21... g6 22. Rab1 $14)
22. cxb5 Qxd5 23. Qxd5 Bxd5 24. Rfc1 Rfd8 $2 {[%mdl 4096] Despite the witty
point black will be fighting with great problems.} (24... c4 $5 25. Nf5 Rfd8
$13) 25. Rxc5 Bxa2 26. h3 Bf7 $6 (26... Be6 $1 27. Rc7 $14 Rdb8 28. Ra5 $14)
27. Nf5 Rd5 28. Rxd5 Bxd5 29. Ra5 $1 g6 (29... Rb8 30. b6 $18) 30. Nd4 Bb7 31.
Ne6 $1 h5 $2 {Decisive mistake due to the weakness of the f6 pawn} (31... f5 $1
$14 32. f4 h6 33. Kf2 Kg8 $14) 32. Nc5 Rb8 (32... Bd5 33. Nd7 Kg7 34. b6 $18)
33. Nd7 Ra8 34. Nxf6 a6 35. bxa6 (35. b6 $6 Rd8 36. Re5 Rd6 37. Re7 Rxf6 38.
Rxb7 a5 $14) 35... Rxa6 (35... Bxa6 36. h4 $1) 36. Rxa6 Bxa6 {Hecht: 'Guter
Springer und dominierender König bei festgelegten Bauern auf einem Flügel'} 37.
h4 $1 Kg7 38. Ne4 Kf7 39. Kh2 Bd3 (39... Bf1 40. Kg3 Ke6 41. Nd2 Bd3 42. Kf4
$18) ({Wegen der Möglichkeit} 39... Ke6 {Hecht} 40. Nc5+ $18 {gelangt der
weiße König eher nach f4 als der schwarze nach f5, was sich entscheidend
auswirkt.}) 40. f3 Bf1 (40... Bxe4 41. fxe4 Kf6 42. Kg3 Ke5 43. Kf3 $18) ({
Erneut} 40... Ke6 {Hecht} 41. Nc5+ $18) 41. Kg3 Ke6 42. Nd2 Bd3 43. Kf4 Kf6 44.
Ne4+ Kf7 45. Kg5 Bf1 46. g3 Be2 47. Nd2 Kg7 48. f4 Bd1 49. Nc4 (49. Nc4 Bc2 (
49... Bg4 {Hecht} 50. Nd6 Be2 51. f5 gxf5 52. Nxf5+ Kh7 53. Nd6 Bd1 54. Ne8 Be2
55. Nf6+ $18 {[%csl Rh5]}) 50. Ne3 Bd3 51. f5 $1 $18 Bb1 52. fxg6 Bxg6 53. Nd5
$18 {nebst Sf4 und Sxh5}) 1-0

[Event "Munich SKA"]
[Site "Munich"]
[Date "1993.??.??"]
[Round "3"]
[White "Adams, Michael"]
[Black "Jussupow, Artur"]
[Result "1-0"]
[WhiteElo "2630"]
[BlackElo "2645"]
[Annotator "Ftacnik,L"]
[PlyCount "81"]
[EventDate "1993.05.??"]
[EventType "tourn"]
[EventRounds "11"]
[EventCountry "GER"]
[EventCategory "16"]
[SourceTitle "CBM 036"]
[Source "ChessBase"]
[SourceDate "1993.10.01"]
[SourceVersion "1"]
[SourceVersionDate "1993.10.01"]
[SourceQuality "1"]

1. e4 e5 2. Nf3 Nf6 3. Nxe5 d6 4. Nf3 Nxe4 5. d4 d5 6. Bd3 Nc6 7. O-O Be7 8. c4
Nb4 9. Be2 Be6 10. Nc3 O-O 11. Be3 f5 (11... Bf5 12. Ne5 Bf6 13. g4 Be6 14. f4
$16 {Short,N-Anand,V/Amsterdam VSB/1993/}) 12. a3 Nxc3 13. bxc3 Nc6 14. Rb1 f4
(14... Rb8 15. cxd5 Bxd5 16. Bf4 Bd6 $10) 15. Bc1 Rb8 16. cxd5 Bxd5 17. Re1 Kh8
(17... Bf6 18. Bxf4 (18. c4 Be4) 18... Bxd4 19. Bxc7 Qxc7 20. Nxd4 $13) 18. Bd3
Qd7 (18... Bf6 19. Bc2 $16 (19. Bxf4 Bxd4 20. Nxd4 Rxf4 $10)) 19. c4 $1 (19.
Rb5 $5) 19... Bxf3 20. Qxf3 Nxd4 (20... Qxd4 21. Qh3 h6 22. Bb2 Qd6 23. Re6 $16
) 21. Qe4 Nf5 (21... Qf5 22. Qxd4) (21... g6 22. Qxe7 Rbe8 23. Qb4 $18) 22. Rb5
c5 (22... g6 23. Rxf5 Rxf5 24. Qxe7 Qxe7 25. Rxe7 Rd8 26. Be2 $18) 23. Bxf4
Rbd8 (23... Bd6 24. Qd5 Qc7 25. Bxd6 Nxd6 26. Rxc5 Qd8 27. Qd4 $16) 24. Bc2 b6
25. g4 Rde8 26. Rd1 (26. gxf5 $2 Bf6) 26... Bd6 27. Qd3 (27. Rxd6 Qc8 28. Qd3
Re1+ 29. Kg2 $18) 27... g5 $1 28. Qc3+ (28. Bxd6 Nxd6 29. Qxd6 Re1+ 30. Kg2
Qxg4+ 31. Qg3 Rxf2+ $1 32. Kxf2 Qe2#) 28... Nd4 29. Rxd4 Qxg4+ 30. Kh1 Re1+ 31.
Qxe1 Qf3+ 32. Kg1 gxf4 33. Re4 $1 (33. Qe4 Rg8+ 34. Kf1 Qh3+ 35. Ke2 f3+ $132)
33... Rg8+ 34. Kf1 Qh1+ 35. Ke2 Rg1 36. Qc3+ Kg8 37. Re8+ Kf7 38. Be4 $1 Qxh2
39. Ra8 Rg3 40. Rxa7+ Ke6 41. Bd5+ (41. Bd5+ Kf5 42. Rf7+ $18) 1-0

[Event "Taiyuan 4th"]
[Site "Taiyuan"]
[Date "2007.07.04"]
[Round "1"]
[White "Cheparinov, Ivan"]
[Black "Wang, Yue"]
[Result "0-1"]
[WhiteElo "2657"]
[BlackElo "2696"]
[Annotator "Ftacnik,L"]
[PlyCount "66"]
[EventDate "2007.07.04"]
[EventType "schev"]
[EventRounds "8"]
[EventCountry "CHN"]
[SourceTitle "CBM 119"]
[Source "ChessBase"]
[SourceDate "2007.08.01"]
[SourceVersion "1"]
[SourceVersionDate "2007.08.01"]
[SourceQuality "1"]

1. e4 e5 2. Nf3 Nf6 3. Nxe5 d6 4. Nf3 Nxe4 5. d4 d5 6. Bd3 Be7 7. O-O Nc6 8.
Nc3 Nxc3 9. bxc3 Bg4 10. Re1 O-O 11. Rb1 Rb8 12. Bf4 {The line without c2-c4
is catching up in Russian defense. White enjoys lots of piece play and the
price in the compromised pawn structure is not too heavy.} h6 (12... Qd7 13.
Re3 g5 14. Bg3 f5 15. Be5 f4 16. Re1 Bf6 17. Bxf6 Rxf6 18. h3 Bh5 19. Ne5 Qe8
20. Ng4 Re6 21. Nf6+ Kf7 22. Qxh5+ Kxf6 23. Qh6+ Kf7 24. Qxh7+ {1-0 Browne,
W-Murray,P/Vancouver 1971}) (12... Bd6 13. Bxd6 Qxd6 14. Re3 f6 (14... h6 15.
h3 Bd7 16. Qe2 b6 17. Re1 a6 18. Ne5 b5 19. Qh5 Rbe8 20. R1e2 Nxe5 21. dxe5 Qb6
22. Rg3 c5 23. Ree3 c4 24. Ref3 cxd3 25. Rf6 dxc2 26. Qxh6 c1=Q+ 27. Qxc1 Re6
28. Qh6 {1-0 Ganguly,S (2579)-Sivanandan,B (2452)/Visakhapatnam 2006}) 15. h3
Bh5 16. Qe2 Qd7 17. g4 Bf7 18. Nh4 Rfe8 19. Nf5 Rxe3 20. Qxe3 Re8 21. Qg3 Nd8
22. h4 Bg6 23. h5 Bxf5 24. Bxf5 {1-0 Anand,V (2792)-Gelfand,B (2723)/Monte
Carlo 2006 (51)}) (12... Kh8 13. Re3 Bd6 14. Bxd6 Qxd6 15. Qe2 a6 16. h3 Bxf3
17. Qxf3 Kg8 18. h4 b5 19. Rbe1 Rb6 20. Qh5 g6 21. Qh6 Nd8 22. h5 {1-0
Cornette,M (2448)-Kovacs,G (2456)/Budapest 2006 (73)}) (12... Bf6 13. Re3 Ne7
14. h3 Be6 15. Qe2 Ng6 16. Bh2 Re8 17. Re1 Bd7 18. Rxe8+ Bxe8 19. Ne5 Nxe5 20.
Bxe5 Bc6 21. Bf4 g6 22. Qf3 Rc8 {1/2 Brkic,A (2541)-Sakelsek,T (2468)/Zadar
2006 (58)}) 13. h3 Bh5 14. Re3 (14. Qe2 Bd6 15. Qe3 Bg6 16. Bxg6 Bxf4 17. Qxf4
fxg6 18. Qg4 Rf6 19. Ne5 $14) 14... Bd6 15. Bxd6 Qxd6 16. Qe2 (16. g4 Bg6 17.
Ne5 Rfe8 18. Bxg6 (18. Nxc6 $2 Rxe3 19. Nxb8 Rxh3 $17) 18... fxg6 19. c4 $11)
16... f5 $5 {Wang Yue understands the need to find compensation for White's
activity. The advance of the f-pawn weakens the kingside, but helps the bishop
control the crucial e8-square.} 17. Re6 (17. Re1 Rbe8 (17... f4 18. Re6 Qa3 19.
Qd2 Qa5 20. Bg6 Bxf3 21. gxf3 Qxa2 $13) 18. Rxe8 Rxe8 19. Qd2 $11) 17... Bxf3
$1 18. gxf3 Qa3 (18... Qd7 19. f4 $1 $16) 19. Qd2 (19. Rxc6 $2 bxc6 (19... Qxa2
$4 20. Rb3 Qa1+ 21. Kg2 bxc6 22. Qe6+ Kh8 23. Rxb8 Rxb8 24. Qxf5 Kg8 25. Qh7+
Kf7 26. Bg6+ Kf6 27. Bh5 $18) 20. Qe6+ Kh8 21. Rxb8 Qc1+ 22. Kh2 Qf4+ 23. Kg2
Qg5+ $19) 19... Nd8 (19... Qa5 $6 20. Qe1 Qxa2 $2 (20... Nd8 21. Re8 Nf7 22.
Rxb8 Rxb8 23. Rxb7 $16) 21. Rxc6 bxc6 22. Qe6+ Kh8 23. Rxb8 Rxb8 24. Qxf5 $18)
20. Re5 (20. Ra6 bxa6 21. Rxb8 Qd6 $13) 20... Nf7 $1 21. Rxf5 (21. Rxd5 Qxa2
22. Rdb5 Nd6 23. R5b3 Qa5 $11) 21... Nd6 22. Rh5 $6 {Cheparinov is an
ambitious young player. It is excusable that he entertains the hope of
kingside attack, but Black will get massive play himself.} (22. Rxd5 Qxa2 23.
Rb3 Qa1+ 24. Kg2 Rxf3 $1 (24... Rbe8 25. Re5 $14) 25. Rxd6 Rxh3 26. Kxh3 Qh1+
27. Kg3 Qg1+ 28. Kh3 Qh1+ $11) 22... Rxf3 23. Kh1 Rbf8 24. Rg1 R8f4 $1 (24...
Rxf2 $2 25. Qxh6 $18) 25. Qe2 (25. Rxh6 Ne4 $1 26. Bxe4 dxe4 27. d5 Qxc3 28.
Qxc3 Rxc3 $17) 25... Ne4 {[%mdl 2048] The black pieces dominate the centre of
the board and the white forces seems scattered in comparison.} 26. Bxe4 (26.
Rg2 Rxf2 27. Qe3 Rxg2 28. Qxf4 Rf2 29. Qe3 Qxc3 $19) 26... dxe4 27. Qc4+ (27.
Rxh6 Qxc3 28. Rg2 c6 $17) 27... Kh7 28. Qe6 (28. Qxc7 Qf8 29. Rg2 Rxf2 $19)
28... Qf8 $1 {The final subtlety as the black queen returns home to defend the
g7-square and increase the pressure along the f file.} 29. Qg6+ (29. Re5 Qd6
$17) 29... Kh8 30. Re5 (30. c4 Rxf2 31. Re5 R4f3 $19) 30... Rxh3+ 31. Kg2 Rxc3
32. Rf1 (32. Re8 $2 Rxf2+ 33. Kh1 Rh3#) 32... Rc6 (32... Rxc2 33. Re8 Rg4+ $19)
33. Qh5 Kh7 (33... Kh7 34. Rg5 Rxc2 $19) 0-1

[Event "Dortmund SuperGM 35th"]
[Site "Dortmund"]
[Date "2007.06.29"]
[Round "5"]
[White "Leko, Peter"]
[Black "Kramnik, Vladimir"]
[Result "1/2-1/2"]
[WhiteElo "2738"]
[BlackElo "2772"]
[Annotator "Ftacnik,L"]
[PlyCount "76"]
[EventDate "2007.06.23"]
[EventType "tourn"]
[EventRounds "7"]
[EventCountry "GER"]
[EventCategory "20"]
[SourceTitle "CBM 119"]
[Source "ChessBase"]
[SourceDate "2007.08.01"]
[SourceVersion "1"]
[SourceVersionDate "2007.08.01"]
[SourceQuality "1"]

1. e4 e5 2. Nf3 Nf6 3. Nxe5 d6 4. Nf3 Nxe4 5. d4 d5 6. Bd3 Nc6 7. O-O Be7 8. c4
Nb4 9. Be2 O-O 10. Nc3 Bf5 11. a3 Nxc3 12. bxc3 Nc6 13. Re1 Re8 14. cxd5 Qxd5
15. Bf4 Rac8 16. Bd3 Qd7 17. Rb1 b6 18. d5 $5 {It took some time to
choreograph the best dance for the pieces in this variation of the Russian
Defence. Black's position remains very compact.} (18. Bb5 Bxb1 19. d5 (19. Qxb1
Bf6 20. Rd1 Qg4 21. Bg3 Ne7 22. Bxe8 Rxe8 23. Re1 Qd7 24. Qe4 Rc8 {1/2
Nisipeanu,L (2695)-Fridman,D (2562)/Turin 2006 (29)}) 19... Bd6 20. Rxe8+ Qxe8
21. Bxd6 Qe4 22. Bxc7 Bc2 23. Qd2 Nb8 24. d6 Ba4 25. Bd3 Qg4 {0-1 Nijboer,F 
(2549)-Ernst,S (2509)/Wijk aan Zee 2005 (54)}) 18... Bxd3 (18... Qxd5 19. Bb5
Qc5 20. Be3 Qd6 21. Qa4 Bxb1 22. Rxb1 Qxa3 23. Qxa3 Bxa3 24. Bxc6 $14) 19. Qxd3
Bf6 20. c4 Ne7 (20... h6 21. h3 (21. h4 Ne7 22. Rbd1 Ng6 23. Bg3 h5 24. Rc1 Bb2
25. Rxe8+ Rxe8 26. Rc2 Bf6 27. c5 bxc5 28. Rxc5 Ne5 {1/2 Polgar,J (2728)-Anand,
V (2786)/Wijk aan Zee 2005 (38)}) 21... Re7 (21... Ne7 22. Ne5 Bxe5 23. Rxe5
Ng6 24. Rxe8+ Rxe8 25. Bg3 Qe7 26. Kh1 {1-0 Anand,V (2786)-Shirov,A (2713)/
Monte Carlo 2005 (35)}) 22. Rbd1 Rd8 23. Rxe7 Nxe7 24. Ne5 Bxe5 25. Bxe5 Re8
26. Bg3 {1-0 Leko,P (2736)-Anand,V (2753)/Linares 2003 (65)}) 21. Rbd1 {
Kramnik is not without his share of experience with the problems of this
position. From the games quoted in the notes, the name of Anand stands out as
a specialist with both colours.} (21. Ne5 Bxe5 22. Bxe5 f6 23. Bf4 Nf5 24. c5
bxc5 25. Qc4 g5 26. Bd2 Nd6 27. Qxc5 Ne4 28. Qa5 c6 29. Be3 cxd5 30. Qxa7 Qxa7
31. Bxa7 Nc3 {1/2 Svidler,P (2742)-Kramnik,V (2743)/Dortmund 2006 (39)}) 21...
Rcd8 (21... Ng6 22. Bg3 h6 23. h3 $11) 22. h3 (22. Ne5 Bxe5 23. Bxe5 f6 $11)
22... Ng6 23. Bg3 h6 24. Qb3 Re7 $5 {The current world champion is a great
master in piece play. The rook move is probably the best way to occupy the
open e file.} (24... Rxe1+ 25. Rxe1 a6 26. a4 b5 27. cxb5 $5 axb5 28. a5 $14)
25. a4 Rde8 26. Rxe7 Nxe7 27. Re1 (27. d6 cxd6 28. Rxd6 Qc8 29. Be5 Bxe5 30.
Nxe5 Nf5 $11) 27... c6 28. Be5 (28. d6 Nf5 29. Rxe8+ Qxe8 30. Qd3 Nxg3 31. fxg3
(31. d7 $2 Ne2+ 32. Kf1 Qe7 $17) 31... Qd7 $11) 28... cxd5 29. Bxf6 (29. cxd5
Qxd5 30. Qb1 Ng6 $17) 29... dxc4 30. Qxc4 (30. Qb2 $2 gxf6 31. Qxf6 Ng6 $17)
30... gxf6 31. Nh4 $1 {Leko has sacrificed the pawn, but his compensation is
impressive. The knight would dearly love to land on the f5-square and Black
has to oppose it at all costs.} Kf8 (31... h5 32. Qe2 Qd5 33. g3 Qe6 34. Qxe6
fxe6 35. Rxe6 Kf7 $11) 32. Qf4 Ng8 (32... Kg7 $2 33. Rxe7 $1 Qd1+ 34. Kh2 Rxe7
35. Nf5+ Kf8 36. Qxh6+ Ke8 37. Qh8+ Kd7 38. Qxf6 $16) 33. Qb4+ (33. Rc1 Re5 34.
g4 $14) 33... Re7 34. Rc1 {This was the moment, when White could have
benefited from the disharmony in Black's camp with 34.g4!} (34. g4 $1 Ke8 35.
Rc1 $14) 34... Kg7 35. g4 Re8 36. Nf5+ Kh7 37. Qc4 (37. Qf4 Re5 38. Rc4 $14)
37... Re5 38. Qb4 (38. Qf4 $5) 38... Ne7 1/2-1/2

[Event "Interpolis-02"]
[Site "Tilburg"]
[Date "1978.09.15"]
[Round "11"]
[White "Sosonko, Gennadi"]
[Black "Ribli, Zoltan"]
[Result "1/2-1/2"]
[WhiteElo "2575"]
[BlackElo "2585"]
[Annotator "Ftacnik,L"]
[PlyCount "25"]
[EventDate "1978.09.01"]
[EventType "tourn"]
[EventRounds "11"]
[EventCountry "NED"]
[EventCategory "14"]
[SourceTitle "MCL"]
[Source "ChessBase"]
[SourceDate "1999.07.01"]
[SourceVersion "1"]
[SourceVersionDate "1999.07.01"]
[SourceQuality "1"]

1. e4 e5 2. Nf3 Nf6 3. Nxe5 (3. d4) 3... d6 4. Nf3 Nxe4 5. Qe2 (5. d4) 5... Qe7
6. d3 Nf6 7. Bg5 Nbd7 8. Nc3 Qxe2+ 9. Bxe2 Be7 (9... h6 10. Bh4 (10. Bd2 g6 11.
O-O-O Bg7 $10 {Redolfi-Trifunovic, München 1958}) 10... g5 11. Bg3 Bg7 $10) 10.
Ne4 h6 11. Nxf6+ Bxf6 12. Bxf6 Nxf6 13. O-O 1/2-1/2